Textbook of Pediatric Nursing for GNM (Record no. 159262)

MARC details
000 -LEADER
fixed length control field 00377nam a2200145Ia 4500
008 - FIXED-LENGTH DATA ELEMENTS--GENERAL INFORMATION
fixed length control field 230519s9999 xx 000 0 und d
020 ## - INTERNATIONAL STANDARD BOOK NUMBER
International Standard Book Number 978-93-86006-11-0
041 ## - LANGUAGE CODE
Language code of text/sound track or separate title eng
082 ## - DEWEY DECIMAL CLASSIFICATION NUMBER
Classification number 610.7362/KUR/DB0518
100 ## - MAIN ENTRY--PERSONAL NAME
Personal name Kurian Soumya
245 ## - TITLE STATEMENT
Title Textbook of Pediatric Nursing for GNM
260 ## - PUBLICATION, DISTRIBUTION, ETC. (IMPRINT)
Name of publisher, distributor, etc. EMMESS
Place of publication, distribution, etc. Bangalore
Date of publication, distribution, etc. 2016
300 ## - PHYSICAL DESCRIPTION
Extent 633p
Holdings
Withdrawn status Lost status Damaged status Not for loan Home library Current library Date acquired Cost, normal purchase price Bill number Total Checkouts Total Renewals Full call number Barcode Date last seen Date last checked out Bill Date Koha item type Original Barcode Collection code
        Smt. Bakul Tambat Institute of Nursing Education Smt. Bakul Tambat Institute of Nursing Education 05/10/2016 525.00 496 14 19 610.7362 KUR DB0518 BTIN-DB-518 18/08/2025 05/07/2025 28/09/2016 Donated Book DB0518  
        Smt. Bakul Tambat Institute of Nursing Education Smt. Bakul Tambat Institute of Nursing Education 22/12/2021 580.00 496 31 8 P 610.7362 KUR DB0937 BTIN-DB-937 18/08/2025 30/07/2025 28/09/2016 Donated Book DB0937